00941nam a2200181 a 450000100100000000500170001000800410002704000250006808200280009311000270012124000180014824503780016626000490054430000210059350000680061470000320068270000450071400004529220201002050034.0150225s1981 dr 000 0 spa d aDO-SdBNPbspacBNPHU a344.729301bR426c, 19811 aRepública Dominicana10a[Leyes, etc.]10aCódigo de trabajo de la República Dominicana :bvotado por la Ley No. 2920 del Congreso Nacional, promulgada por el Poder Ejecutivo el 11 de junio de 1951 y publicada en la Gaceta Oficial No. 7309 bis, incluyendo todas las modificaciones, correcciones y adiciones hasta la fecha /cedición preparada por Luis Pichardo Cabral y Enriquillo A. Gautreaux Sánchez [sic]. aSanto Domingo :bLibreria Dominicana,c1981. a254 p. ;c22 cm. aPerteneció a la biblioteca personal del Dr. Guaroa Ginebra H.12aPichardo Cabral, Luis,eed.12aGautreaux Sánchez, Enriquillo A.,eed.